| 000 | 00325nam a2200121Ia 4500 | ||
|---|---|---|---|
| 008 | 220217s9999||||xx |||||||||||||| ||und|| | ||
| 082 | _a621.381 YEL | ||
| 100 | _aYeliagar, Asha, V | ||
| 245 | 0 | _aDigital electronics | |
| 260 |
_aVijay educational publication _bNew Delhi _c2010 |
||
| 300 | _b120 | ||
| 650 | _aELECTRONICS | ||
| 999 |
_c180229 _d180229 |
||